| 000 | 00444nam a22001697a 4500 | ||
|---|---|---|---|
| 005 | 20210423061752.0 | ||
| 008 | 210219b1962 ||||| |||| 00| 0 eng d | ||
| 040 | _cDLC | ||
| 080 |
_a008 _bK-48 |
||
| 100 |
_91013 _aKirkup.James |
||
| 245 | _aThese horned islands | ||
| 260 |
_aNew York _bMacmillan _c1962 |
||
| 300 |
_a448 p.: _bill |
||
| 650 | 0 |
_9410 _aHistory of civilizations |
|
| 653 | _aცივილიზაცია | ||
| 942 |
_2udc _cBK |
||
| 999 |
_c1591 _d1591 |
||